000 00559nam a2200229Ia 4500
003 OSt
005 20220924144604.0
006 a|||||r|||| 00| 0
007 ta
008 220923b |||||||| |||| 00| 0 urd d
024 _a316105
037 _cTextual
040 _aARTS
_cARTS
_burd
041 _2urd
_aurd
082 _aO168,1NG0x, K7
100 _aGauhar Sailani
_9217980
245 0 _aYasmin
260 _c1967
650 _aURDU POETRY
942 _hO168,1NG0x, K7
_cTEXL
_2CC
999 _c457577
_d457577